书目信息 |
| 题名: |
金匮要略
|
|
| 作者: | 张仲景 著 ;张伊宁 评译 | |
| 分册: | ||
| 出版信息: | 北京 北京联合出版公司 2019.06 |
|
| 页数: | 152页 | |
| 开本: | 19cm | |
| 丛书名: | ||
| 单 册: | ||
| 中图分类: | R222.32 | |
| 科图分类: | ||
| 主题词: | ||
| 电子资源: | ||
| ISBN: | 978-7-5596-3099-5 | |
| 000 | 01000nam0 2200265 450 | |
| 001 | 0100060959 | |
| 005 | 20250603205714.4 | |
| 010 | @a978-7-5596-3099-5@dCNY12.00 | |
| 100 | @a20240402d2019 em y0chiy50 ea | |
| 101 | 0 | @achi |
| 102 | @aCN@b110000 | |
| 105 | @ay z 000yy | |
| 106 | @ar | |
| 200 | 1 | @a金匮要略@9jin kui yao lve@b专著@f(东汉)张仲景著@g张伊宁评译 |
| 210 | @a北京@c北京联合出版公司@d2019.06 | |
| 215 | @a152页@d19cm | |
| 300 | @a中华国学经典精粹 | |
| 330 | @a本书是我国东汉著名医学家张仲景所著《伤寒杂病论》的杂病部分,也是我国现存最早的一部论述杂病诊治的专书,原名《金匮要略方论》。全书分上、中、下三卷,所述病证以内科杂病为主,兼及外科、妇科疾病及急救卒死、饮食禁忌等内容。 | |
| 333 | @a医学研究人员,临床工作者 | |
| 605 | @a《金匮要略方论》@x译文 | |
| 690 | @aR222.32@v5 | |
| 701 | 0 | @c(东汉)@a张仲景@9zhang zhong jing@f(约150-154-约215-219)@4著 |
| 702 | 0 | @a张伊宁@9zhang yi ning@4评译 |
| 801 | 0 | @aCN@b人天书店@c20250603 |
| 905 | @b1563380-409@dR222.32@e682@f30 | |
| 金匮要略/(东汉)张仲景著/张伊宁评译.-北京:北京联合出版公司,2019.06 |
| 152页;19cm |
| 中华国学经典精粹.-使用对象:医学研究人员,临床工作者 |
| ISBN 978-7-5596-3099-5:CNY12.00 |
| 本书是我国东汉著名医学家张仲景所著《伤寒杂病论》的杂病部分,也是我国现存最早的一部论述杂病诊治的专书,原名《金匮要略方论》。全书分上、中、下三卷,所述病证以内科杂病为主,兼及外科、妇科疾病及急救卒死、饮食禁忌等内容。 |
| ● |
| 相关链接 |
|
|
|
|
正题名:金匮要略
索取号:R222.32/682
 
预约/预借
| 序号 | 登录号 | 条形码 | 馆藏地/架位号 | 状态 | 备注 |
| 1 | 1563380 | 215633802 | 第二样本阅览室/ [索取号:R222.32/682] | 在馆 | |
| 2 | 1563381 | 215633811 | 第三借阅区/ [索取号:R222.32/682] | 在馆 | |
| 3 | 1563382 | 215633820 | 第三借阅区/ [索取号:R222.32/682] | 在馆 | |
| 4 | 1563383 | 215633839 | 第三借阅区/ [索取号:R222.32/682] | 在馆 | |
| 5 | 1563384 | 215633848 | 第三借阅区/ [索取号:R222.32/682] | 在馆 | |
| 6 | 1563385 | 215633857 | 不外借—密集书库/ [索取号:R222.32/682] | 在馆 | |
| 7 | 1563386 | 215633866 | 不外借—密集书库/ [索取号:R222.32/682] | 在馆 | |
| 8 | 1563387 | 215633875 | 不外借—密集书库/ [索取号:R222.32/682] | 在馆 | |
| 9 | 1563388 | 215633884 | 不外借—密集书库/ [索取号:R222.32/682] | 在馆 | |
| 10 | 1563389 | 215633893 | 不外借—密集书库/ [索取号:R222.32/682] | 在馆 | |
| 11 | 1563390 | 215633900 | 不外借—密集书库/ [索取号:R222.32/682] | 在馆 | |
| 12 | 1563391 | 215633919 | 不外借—密集书库/ [索取号:R222.32/682] | 在馆 | |
| 13 | 1563392 | 215633928 | 不外借—密集书库/ [索取号:R222.32/682] | 在馆 | |
| 14 | 1563393 | 215633937 | 不外借—密集书库/ [索取号:R222.32/682] | 在馆 | |
| 15 | 1563394 | 215633946 | 不外借—密集书库/ [索取号:R222.32/682] | 在馆 | |
| 16 | 1563395 | 215633955 | 不外借—密集书库/ [索取号:R222.32/682] | 在馆 | |
| 17 | 1563396 | 215633964 | 不外借—密集书库/ [索取号:R222.32/682] | 在馆 | |
| 18 | 1563397 | 215633973 | 不外借—密集书库/ [索取号:R222.32/682] | 在馆 | |
| 19 | 1563398 | 215633982 | 不外借—密集书库/ [索取号:R222.32/682] | 在馆 | |
| 20 | 1563399 | 215633991 | 不外借—密集书库/ [索取号:R222.32/682] | 在馆 | |
| 21 | 1563400 | 215634008 | 不外借—密集书库/ [索取号:R222.32/682] | 在馆 | |
| 22 | 1563401 | 215634017 | 不外借—密集书库/ [索取号:R222.32/682] | 在馆 | |
| 23 | 1563402 | 215634026 | 不外借—密集书库/ [索取号:R222.32/682] | 在馆 | |
| 24 | 1563403 | 215634035 | 不外借—密集书库/ [索取号:R222.32/682] | 在馆 | |
| 25 | 1563404 | 215634044 | 不外借—密集书库/ [索取号:R222.32/682] | 在馆 | |
| 26 | 1563405 | 215634053 | 不外借—密集书库/ [索取号:R222.32/682] | 在馆 | |
| 27 | 1563406 | 215634062 | 不外借—密集书库/ [索取号:R222.32/682] | 在馆 | |
| 28 | 1563407 | 215634071 | 不外借—密集书库/ [索取号:R222.32/682] | 在馆 | |
| 29 | 1563408 | 215634080 | 不外借—密集书库/ [索取号:R222.32/682] | 在馆 | |
| 30 | 1563409 | 215634099 | 不外借—密集书库/ [索取号:R222.32/682] | 在馆 |